An Overview of silicone rubber (Record no. 54186)

MARC details
000 -LEADER
fixed length control field 00401nam a2200157Ia 4500
100 ## - MAIN ENTRY--AUTHOR NAME
Personal name Hamilton James R
245 #3 - TITLE STATEMENT
Title An Overview of silicone rubber
260 ## - PUBLICATION, DISTRIBUTION, ETC. (IMPRINT)
Name of publisher Rubber World
Year of publication 2003
300 ## - PHYSICAL DESCRIPTION
Number of Pages 31-36
650 ## - SUBJECT ADDED ENTRY--TOPICAL TERM
Topical Term Silicone compounding
650 ## - SUBJECT ADDED ENTRY--TOPICAL TERM
Topical Term Silicone rubber
650 ## - SUBJECT ADDED ENTRY--TOPICAL TERM
Topical Term Silicone rubber types
650 ## - SUBJECT ADDED ENTRY--TOPICAL TERM
Topical Term Vulcanization
942 ## - ADDED ENTRY ELEMENTS (KOHA)
Koha item type Journals
Holdings
Withdrawn status Lost status Damaged status Not for loan Home library Current library Shelving location Date acquired Serial Enumeration / chronology Koha item type
      Journals RRII Library RRII Library Rubber chemistry 31/07/2003 Volume 228, Issue 3 Journals